Everyone's United Nations / (Record no. 13074)
[ view plain ]
| 000 -LEADER | |
|---|---|
| fixed length control field | 01556cas a22003371 4500 |
| 001 - CONTROL NUMBER | |
| control field | 11143353 |
| 005 - DATE AND TIME OF LATEST TRANSACTION | |
| control field | 20010731163715.0 |
| 008 - FIXED-LENGTH DATA ELEMENTS--GENERAL INFORMATION | |
| fixed length control field | 750410d1968nyuhr p| r i001 0 eng d |
| 010 ## - LIBRARY OF CONGRESS CONTROL NUMBER | |
| LC control number | 48010196 |
| 022 ## - INTERNATIONAL STANDARD SERIAL NUMBER | |
| International Standard Serial Number | 0071-3244 |
| 035 ## - SYSTEM CONTROL NUMBER | |
| System control number | (OCoLC)ocm01266138 |
| 040 ## - CATALOGING SOURCE | |
| Original cataloging agency | DLC |
| Transcribing agency | DI |
| Modifying agency | DLC |
| -- | OCoLC |
| -- | DLC |
| -- | OCoLC |
| -- | NST |
| -- | OCoLC |
| -- | MH |
| -- | NSDP |
| -- | NST |
| -- | InU |
| 042 ## - AUTHENTICATION CODE | |
| Authentication code | lc |
| 050 00 - LIBRARY OF CONGRESS CALL NUMBER | |
| Classification number | JX1977.A37 |
| Item number | E9 |
| 082 00 - DEWEY DECIMAL CLASSIFICATION NUMBER | |
| Classification number | 341.232 |
| Item number | UNI |
| Edition number | 22 |
| 110 ## - MAIN ENTRY--CORPORATE NAME | |
| 9 (RLIN) | 10108 |
| Corporate name or jurisdiction name as entry element | United Nations. |
| Subordinate unit | Dept. of Public Information |
| 245 00 - TITLE STATEMENT | |
| Title | Everyone's United Nations / |
| Statement of responsibility, etc | Office of Public Information, United Nations. |
| 260 ## - PUBLICATION, DISTRIBUTION, ETC. (IMPRINT) | |
| Place of publication, distribution, etc | New York: |
| Name of publisher, distributor, etc | United Nations. Office of Public Information, |
| Date of publication, distribution, etc | 1986 |
| 300 ## - PHYSICAL DESCRIPTION | |
| Extent | 484p.; |
| Dimensions | 22 cm. |
| 500 ## - GENERAL NOTE | |
| General note | Donated by: Alaa Abdel Ghany |
| 500 ## - GENERAL NOTE | |
| General note | Title on cover: Everyone's United Nations: A Handbook on the Work of the United Nations |
| 550 ## - ISSUING BODY NOTE | |
| Issuing body note | Vols. for 1948-56 issued by the United Nations Dept. of Public Information; 1959-68 by its Office of Public Information. |
| 590 ## - LOCAL NOTE (RLIN) | |
| Local note | SERBIB/SERLOC merged record |
| 610 20 - SUBJECT ADDED ENTRY--CORPORATE NAME | |
| Corporate name or jurisdiction name as entry element | United Nations. |
| 9 (RLIN) | 9585 |
| 710 2# - ADDED ENTRY--CORPORATE NAME | |
| Corporate name or jurisdiction name as entry element | United Nations. |
| Subordinate unit | Office of Public Information. |
| 9 (RLIN) | 9586 |
| 710 2# - ADDED ENTRY--CORPORATE NAME | |
| Corporate name or jurisdiction name as entry element | United Nations. |
| Subordinate unit | Dept. of Public Information. |
| 9 (RLIN) | 9587 |
| 785 00 - SUCCEEDING ENTRY | |
| Title | Everyone's United Nations |
| International Standard Serial Number | 0251-690X |
| Record control number | (DLC) 80644223 |
| -- | (OCoLC)6104926 |
| 942 ## - ADDED ENTRY ELEMENTS (KOHA) | |
| Source of classification or shelving scheme | Dewey Decimal Classification |
| Item type | Book - Borrowing |
| Withdrawn status | Item status | Source of classification or shelving scheme | Damaged status | Not for loan | Vendor | Home library | Current library | Shelving location | Date acquired | Source of acquisition | Total Checkouts | Total Renewals | Full call number | Barcode | Date last seen | Date last borrowed | Koha item type | Public note |
|---|---|---|---|---|---|---|---|---|---|---|---|---|---|---|---|---|---|---|
| Dewey Decimal Classification | Central Library | Central Library | First floor | 22/12/2009 | Donation | 6 | 3 | 341.232 UNI | 000019233 | 15/07/2025 | 27/03/2019 | Book - Borrowing | donated by Alaa AbdelGhaney |